000 00590nam a22001337a 4500
040 _cRUA
082 _aAGR KHE 1999 B024 Or.1
100 _aKHEN, SOKCHEAT.
245 _aPlanting technique and maintenance of immature rubber treers in peam cheang plantation បច្ចេកទេសដាំដុះ និងថែទាំកូនកៅស៊ូនៅចំការកៅស៊ូពាមជាំង
260 _aPhnom Penh
_bRUA
_c1999
300 _a52p.
_bill.
_c29cm.
856 _uhttps://drive.google.com/file/d/16TJgYhqSLMobw7bCbYt7LgXoT_AXqVGn/view?usp=sharing
942 _cAGR
999 _c460
_d460